Guess the Taylor Swift's song by the Bridge #3 - Statistics

General Stats
  • This quiz has been taken 6,141 times
  • The average score is 11 of 15
Answer Stats
Bridge Song % Correct
" To kiss in cars and downtown bars was all we needed, you drew stars around my scars, but now I'm bleedin' " cardigan - folklore
91%
" This is me praying that, this was the very first page, not where the storyline ends, my thoughts will echo your name, until I see you again, these are the words I held back, as I was leaving too soon " Enchanted - Speak Now
86%
" You make me so happy it turns back to sad, there's nothing I hate more than what I can't have, and you are so (........) it makes me so mad (Mmh), you make me so happy it turns back to sad (Yeah), there's nothing I hate more than what I can't have and, guess I'll just stumble on home to my cats (Yeugh), alone, unless, you wanna come along? (Oh) " Gorgeous - reputation
85%
" You are an expert at sorry, and keeping the lines blurry, never impressed by me acing your tests, all the girls that you’ve run dry, have tired, lifeless eyes, ‘cause you burned them out, but I took your matches before fire could catch me, so don’t look now, I’m shining like fireworks over your sad, empty town " Dear John - Speak Now
81%
" And I can go anywhere I want, anywhere I want, just not home, and you can aim for my heart, go for blood, but you would still miss me in your bones, and I still talk to you when I’m screaming at the sky, and when you can’t sleep at night you hear my stolen lullabies " my tears ricochet - folklore
81%
" Ten months sober, I must admit, just because you're (.....), don't mean you don't miss it, ten months older, I won't give in, now that I'm (.....), I'm never gonna risk it " Clean - 1989
80%
" And I can still see it all in my mind, all of you, all of me intertwined, I once believed love would be black and white, but it’s golden, and I can still see it all in my head, back and forth from New York sneaking in your bed, I once believed love would be burning red, but it’s golden " Daylight - Lover
80%
" Flashback when you met me, your buzzcut and my hair bleached, even in my worst times, you could see the best in me, flashback to my mistakes, my rebounds, my earthquakes, even in my worst lies, you saw the truth in me, and I woke up just in time, now I wake up by your side, my one and only, my lifeline, I woke up just in time, now I wake up by your side, my hands shake, I can't explain this " Dress - reputation
80%
" Please don't ever become a stranger whose laugh I could recognize anywhere, please don't ever become a stranger whose laugh I could recognize anywhere " New Year’s Day - reputation
67%
" Sleep in half the day just for old times' sake, I won't ask you to wait if you don't ask me to stay, so I'll go back to L.A. and the so-called friends who'll write books about me if I ever make it, and wonder about the only soul who can tell which smiles I'm fakin', and the heart I know I'm breakin' is my own, to leave the warmest bed I've ever known, we could call it even, even though I'm leaving, and I'll be yours for the weekend " 'tis the damn season - evermore
60%
" This is falling in love in the cruelest way, this is falling for you when you are worlds away, in New York, be here, but you're in London, and I break down, 'cause it's not fair that you're not around " Come Back...Be Here (Taylor’s Version) - Red (Taylor's Version)
59%
" You hold my hand on the street, walk me back to that apartment, years ago, we were just inside, barefoot in the kitchen, sacred new beginnings, that became my religion, listen " Cornelia Street - Lover
59%
" So yeah, it’s a fire, it’s a goddamn blaze in the dark and you started it, you started it, so yeah, it’s a war, it’s the goddamn fight of my life, and you started it, you started it " ivy - evermore
53%
" Since you admitted it, I keep picturing, her lips on your neck, I can't unsee it, I hate that because of you, I can't love you, (....) " Babe (Taylor’s Version) [From the Vault] - Red (Taylor's Version)
51%
" Let me remind you this was what you wanted (Oh, oh, oh-oh-oh) you ended it, you were all I wanted (Oh, oh, oh-oh-oh) but not like this, not like this, not like this " All You Had to Do Was Stay - 1989
45%
No matching quizzes found
Score Distribution
Percent of People with Each Score
Percentile by Number Answered
Your Score History
You have not taken this quiz